The drama of speech acts : Shakespeare's Lancastrian tetralogy / Joseph A. Porter. (Record no. 22289)

000 -LEADER
fixed length control field 00569nam a22001577a 4500
020 ## - INTERNATIONAL STANDARD BOOK NUMBER
ISBN 0520037022
082 ## - DEWEY DECIMAL CLASSIFICATION NUMBER
Classification number 822.33
Item number P846 1979
100 ## - MAIN ENTRY--AUTHOR NAME
Personal name Porter, Joseph A., author.
245 ## - TITLE STATEMENT
Title The drama of speech acts : Shakespeare's Lancastrian tetralogy / Joseph A. Porter.
260 ## - PUBLICATION, DISTRIBUTION, ETC. (IMPRINT)
Place of publication Berkeley ; Los Angeles ; London :
Name of publisher University of California Press,
Year of publication 1979.
300 ## - PHYSICAL DESCRIPTION
Number of Pages 1 online resource, 208 pages.
500 ## - GENERAL NOTE
General note Includes index and selective bibliography.
650 ## - SUBJECT ADDED ENTRY--TOPICAL TERM
Topical Term Speech acts (linguistics) in literature.
650 ## - SUBJECT ADDED ENTRY--TOPICAL TERM
Topical Term Drama -- Technique.
942 ## - ADDED ENTRY ELEMENTS (KOHA)
Koha item type Electronic Books
Holdings
Source of acquisition Permanent Location Date acquired Collection code Koha item type Lost status Shelving location Withdrawn status Current Location Full call number
DonationCagayan State University - Carig Library2026-04-15E-BooksElectronic Books E-Resource Section Cagayan State University - Carig Library822.33 P846 1979

Cagayan State University University Library, Carig Campus
Tuguegarao City, Cagayan 3500 | www.csucarig.edu.ph

Powered by Koha